Lazarillo de Tormes
Αποθηκεύτηκε σε:
| Μορφή: | Βιβλίο |
|---|---|
| Γλώσσα: | Spanish |
| Δημοσίευση: |
Madrid :
Espasa-Calpe,
1977
|
| Σειρά: | Coleccion Austral ;
; 156 |
| Θέματα: | |
| Ετικέτες: |
Προσθήκη ετικέτας
Δεν υπάρχουν, Καταχωρήστε ετικέτα πρώτοι!
|
MARC
| LEADER | 00000cam a2200000 i 4500 | ||
|---|---|---|---|
| 001 | 1/19430 | ||
| 008 | 120510s1977 spa d | ||
| 020 | |a 84-239-0156-4 | ||
| 035 | |l 10112430 | ||
| 040 | |a GR-MY-UA |b gre |e aacr | ||
| 041 | 0 | |a spa | |
| 082 | 0 | |a 863 |2 (22) | |
| 245 | 1 | 0 | |a Lazarillo de Tormes / |c Anonimo ; prefacio de Gregorio Maranon |
| 260 | |a Madrid : |b Espasa-Calpe, |c 1977 | ||
| 300 | |a 143 σ.; |c 17 εκ. | ||
| 490 | 1 | |a Coleccion Austral |v ; 156 | |
| 650 | 0 | 0 | |a Spanish fiction |y 16th century. |
| 830 | 0 | |a Coleccion Austral ; |v ; 156 | |
| 852 | |a INST |b SYROS |e 20120510 |h 863 LAZ |p 005500010092 |q 005500010092 |t BK |y 0 | ||
| 901 | |a BIBL5-2012-1 | ||
| 909 | |a Ε |b 169974 | ||
| 970 | |a ΤΣΟΥΚΑΛΑ |b ΑΛΙΚΗ |z 2012/05/10 | ||